01041nam a2200265Ia 4500003000400000005001700004008004100021020001500062040001800077041000800095082002300103100003200126245006800158250001200226260006600238300003100304650003500335650003600370650005100406650009700457650004300554942003200597999001900629952012700648OSt20250111090457.0210716s2002 xx 000 0 und d a0070495726 cAIMIT LIBRARY aeng a005.7401 21bBURD aBurleson, Donald K.9193069 aOracle9i unix administration handbook /cBy Donald K. Burleson. a1st ed. aNew Delhi :bTata McGraw Hill Publishing Company Ltd ,c2002. axxii,530 p.;bPBc24.5 cm. aUnix server management9193070 aDisk management in unix9193071 aOracle interfaces with the unix server9193072 aInteraction between oracle and the unix serverUnix administration for the oracle dba9193073 aOracle file management in unix9193074 2ddccBKe1stk005.7401 BURD c185100d185100 001040708MCAaAIMITbAIMITd2021-07-16g425.00l0o005.7401 BURDpMCA04608r2026-05-23 00:00:00v425.00w2021-07-16yBK